| 000 | 00486nam a2200181Ia 4500 | ||
|---|---|---|---|
| 005 | 20250423095906.0 | ||
| 008 | 250422s9999 xx 000 0 und d | ||
| 020 | _a9789780321499 | ||
| 050 | _aPN 4775 .R33/ | ||
| 100 | _aRabiu, Muhammad S. | ||
| 245 | 0 | _aJaunty and popular journalism: how tabloid newspaper delight and draw readers | |
| 260 | _aIbadan | ||
| 260 | _bStirling-Horden Publishers Ltd. | ||
| 260 | _c2012 | ||
| 300 | _a162 p | ||
| 650 | _aJournalism | ||
| 942 | _cBK | ||
| 999 |
_c31650 _d31650 |
||